Konkurencieschopnosť severských krajín vo svetovom hospodárstve bakalárska práca

Enregistré dans:
Détails bibliographiques
Auteur principal: Rusinko, Šimon
Collectivité auteur: Fakulta medzinárodných vzťahov EU. Katedra medzinárodných ekonomických vzťahov a hospodárskej diplomacie
Autres auteurs: Lacušová, Sabina, 1999-
Format: Livre
Langue:slovaque
Publié: Bratislava 2025
Tags: Ajouter un tag
Pas de tags, Soyez le premier à ajouter un tag!

MARC

LEADER 00000nbm a2200000 4500
001 0309640
005 20260114125809.4
041 0 |a slo 
044 |a SK 
245 1 0 |a Konkurencieschopnosť severských krajín vo svetovom hospodárstve  |b bakalárska práca  |c Šimon Rusinko ; školiteľ: Sabina Lacušová 
264 1 |a Bratislava  |c 2025 
300 |a 48 s. 
100 1 |a Rusinko, Šimon 
700 1 |a Lacušová, Sabina, 1999- 
710 2 |a Fakulta medzinárodných vzťahov EU. Katedra medzinárodných ekonomických vzťahov a hospodárskej diplomacie